Normal view MARC view
  • Mati, Sheeraz

Entry Personal Name

Number of records used in: 1

001 - CONTROL NUMBER

  • control field: 106931

003 - CONTROL NUMBER IDENTIFIER

  • control field: NUST

005 - DATE AND TIME OF LATEST TRANSACTION

  • control field: 20230117124514.0

008 - FIXED-LENGTH DATA ELEMENTS

  • fixed length control field: 230117|| aca||aabn | a|a d

040 ## - CATALOGING SOURCE

  • Original cataloging agency: NUST
  • Transcribing agency: NUST

100 ## - HEADING--PERSONAL NAME

  • Personal name: Mati, Sheeraz

670 ## - SOURCE DATA FOUND

  • Source citation: Work cat.: (NUST): Mati, Sheeraz, Design and Analysis of Microstrip EBG Loaded Antenna for IBFD for 5G sub-6 GHz Bands /
© 2023 Central Library, National University of Sciences and Technology. All Rights Reserved.